Länder in einem Streifen der Weltkarte - Statistiken

Allgemein
  • Dieses Quiz wurde 109 mal gespielt
  • Das Durchschnittsergebnis liegt bei 37 aus 41
Antworten auf der Karte
Die Antworten werden auf der Karte rot bzw. grün angezeigt, abhängig davon wie oft sie richtig erraten wurden.
 
Antwortstatistiken
Land % Korrekt
Russland
100%
Südafrika
99%
Ägypten
98%
Saudi-Arabien
98%
Türkei
97%
Iran
96%
Ukraine
96%
Israel
95%
Aserbaidschan
93%
Äthiopien
93%
Demokratische Republik Kongo
93%
Irak
93%
Jemen
93%
Kasachstan
93%
Syrien
93%
Zypern
93%
Georgien
92%
Somalia
92%
Sudan
92%
Armenien
91%
Jordanien
90%
Libanon
90%
Südsudan
90%
Eswatini
88%
Kenia
88%
Lesotho
88%
Eritrea
87%
Mosambik
87%
Tansania
87%
Sambia
86%
Simbabwe
86%
Kuwait
85%
Uganda
85%
Namibia
84%
Ruanda
84%
Botswana
82%
Burundi
82%
Dschibuti
82%
Malawi
82%
Zentralafrikanische Republik
80%
Angola
78%
Keine übereinstimmenden Quizze gefunden
Verteilung der Resultate
Anzahl Personen mit jedem Resultat
Perzentil nach korrekt beantworteten Fragen
Ihre Resultats-Entwicklung
Sie haben dieses Quiz noch nicht gespielt